| 000 | 01964nam a2200253Ia 4500 | ||
|---|---|---|---|
| 003 | OSt | ||
| 005 | 20251115112503.0 | ||
| 008 | 210210b2017 xxu||||| |||| 00| 0 eng d | ||
| 020 | _a9788184677270 | ||
| 040 | _cAL | ||
| 041 | _aKannada | ||
| 082 | _aK894.9 ASHB | ||
| 100 |
_aASHOKA (T P) _9143404 _dಅಶೋಕ (ಟಿ ಪಿ) |
||
| 245 |
_aBoluvaru mohammad kunhi _bಬೊಳುವಾರು ಮಹಮದ್ ಕುಂಞ್ |
||
| 260 |
_aBengaluru _bNavakaranataka Prakashana _c2017 |
||
| 300 | _a108 | ||
| 520 | _aಕೇಂದ್ರ ಸಾಹಿತ್ಯ ಅಕಾಡೆಮಿಯ ಇತಿಹಾಸದಲ್ಲಿ ತಮ್ಮ ಸೃಜನಶೀಲ ಗದ್ಯ ಸಾಹಿತ್ಯ ಕೃತಿಗಳಿಗಾಗಿ ಎರಡು ಬಾರಿ ಪ್ರಶಸ್ತಿ ಪಡೆದಿರುವ ದೇಶದ ಏಕೈಕ ಸಾಹಿತಿ 'ಬೊಳುವಾರು ಮಹಮದ್ ಕುಂಞ'. ಕನ್ನಡದ ಮಕ್ಕಳ ಸಾಹಿತ್ಯಕ್ಕೆ ಕೇಂದ್ರ ಸಾಹಿತ್ಯ ಅಕಾಡೆಮಿಯಿಂದ ಪ್ರಶಸ್ತಿ ತಂದಿತ್ತ ಮೊದಲಿಗರೂ ಇವರೇ. ಮಾತ್ರವಲ್ಲ, ಕನ್ನಡದ ಸೃಜನಶೀಲ ಗದ್ಯ ಸಾಹಿತ್ಯಕ್ಕೆ 'ಮುಸ್ಲಿಮ್ ಬದುಕನ್ನು' ಪರಿಚಯಿಸಿದ ಮೊತ್ತಮೊದಲಿಗರೂ ಇವರೇ. ಇವರ ಮೊತ್ತಮೊದಲ ಕತೆಯಿಂದಲೂ ಬಲು ಹತ್ತಿರದಿಂದ ಗಮನಿಸುತ್ತಾ, ಬೆನ್ನುತಟ್ಟುತ್ತಾ ಬಂದಿರುವ ಟಿ. ಪಿ. ಅಶೋಕ ಅವರು, ಅಷ್ಟೇ ಆಸ್ತೆಯಿಂದ ಬೊಳುವಾರು ಅವರನ್ನು ಇಲ್ಲಿ ಪರಿಚಯಿಸಿದ್ದಾರೆ. | ||
| 650 |
_amohammad _9143405 |
||
| 650 |
_akunhi _9143406 |
||
| 650 |
_aBoluvaru _9143407 |
||
| 690 |
_aKannada Criticism _9143408 |
||
| 906 | _a072369 | ||
| 942 |
_2ddc _cBK |
||
| 999 |
_c124264 _d124264 |
||